000 00940nam a2200289Ia 4500
003 OSt
005 20221005083827.0
006 a|||||r|||| 00| 0
007 ta
008 221004b |||||||| |||| 00| 0 eng d
020 _a9789385606090 (hbk)
_cINR 650.00
024 _a34927
037 _b111041, 11/09/2017, International Book Distributors
_cTextual
040 _aCRL
_cCRL
_beng
041 _2eng
_aeng
082 _aZ(Q7),122,2, Q7
100 _aVatuk Sylvia Au.
_9612863
245 0 _aMarriage and its discontents
_b women, Islam and the law in India
260 _aNew Delhi
_bWomen Unlimited India
_c2017
300 _axviii,273p.
_ccm.
650 _a ISLAMIC LAW
650 _a LAW - INDIA
_915654
650 _a MARRIAGE
_940925
650 _aDIVORCE
_9467082
942 _hZ(Q7),122,2, Q7
_cTEXL
_2cc
999 _c991626
_d991626